مكتبة جامعة عجلون الوطنية

فهرس بحث المكتبة

اثر متطلبات العمل على سلوك السلامة البدنية والنفسية للعاملين في شركات المقاولات السعودية = The Impact of Job Requirements on the Physical and Psychological Safety Behaviour of Employees in Saudi Construction Companies / (Record no. 33945)

MARC details
000 -LEADER
fixed length control field 01203nam a22002057a 4500
003 - CONTROL NUMBER IDENTIFIER
control field JO-AjAnu
005 - DATE AND TIME OF LATEST TRANSACTION
control field 20250715104147.0
008 - FIXED-LENGTH DATA ELEMENTS--GENERAL INFORMATION
fixed length control field 250715b jo ||||| |||| 00| 0 ara d
040 ## - CATALOGING SOURCE
Original cataloging agency JO-AjAnu
Language of cataloging ara
Transcribing agency JO-AjAnu
Modifying agency JO-AjAnu
Description conventions rda
041 ## - LANGUAGE CODE
Language code of text/sound track or separate title ara
Language code of original ara
050 ## - LIBRARY OF CONGRESS CALL NUMBER
Classification number HD8039
Item number 2025
100 #1 - MAIN ENTRY--PERSONAL NAME
Personal name العوذه، مشاري نزال مساعد
Relator term معد
9 (RLIN) 66595
245 #0 - TITLE STATEMENT
Title اثر متطلبات العمل على سلوك السلامة البدنية والنفسية للعاملين في شركات المقاولات السعودية = The Impact of Job Requirements on the Physical and Psychological Safety Behaviour of Employees in Saudi Construction Companies /
Statement of responsibility, etc. اعداد مشاري نزال مساعد العوذه ؛ اشراف نضال فواز حسين القضاة
260 ## - PUBLICATION, DISTRIBUTION, ETC.
Date of publication, distribution, etc. 2025
300 ## - PHYSICAL DESCRIPTION
Extent 113 ورقة
504 ## - BIBLIOGRAPHY, ETC. NOTE
Bibliography, etc. note رسالة جامعية(رسالة ماجستير)- جامعة عجلون الوطنية(عجلون، الاردن)-كلية الاعمال، قسم ادارة الاعمال، 2025
650 70 - SUBJECT ADDED ENTRY--TOPICAL TERM
Topical term or geographic name entry element ادارة الاعمال- العمال- صحة وسلامة
9 (RLIN) 66596
700 #1 - ADDED ENTRY--PERSONAL NAME
Personal name القضاة، نضال فواز حسين
9 (RLIN) 64939
Relator term مشرف
942 ## - ADDED ENTRY ELEMENTS (KOHA)
Source of classification or shelving scheme Library of Congress Classification
Koha item type Thesis
Suppress in OPAC No
Holdings
Withdrawn status Lost status Source of classification or shelving scheme Damaged status Not for loan Home library Current library Date acquired Total Checkouts Full call number Barcode Date last seen Price effective from Koha item type
    Library of Congress Classification     مكتبة جامعة عجلون الوطنية مكتبة جامعة عجلون الوطنية 15/07/2025   HD8039 2025 a30307 15/07/2025 15/07/2025 Thesis
    Library of Congress Classification     مكتبة جامعة عجلون الوطنية مكتبة جامعة عجلون الوطنية 15/07/2025   HD8039 2025 a30308 15/07/2025 15/07/2025 Thesis